000 00379nam a2200145Ia 4500
008 200103s9999||||xx |||||||||||||| ||und||
020 _a8175980273
040 _aIMU-MPC
082 _aColumn-5
100 _aIMO/ Sterling Book House
245 0 _aBC Code: code of safe practice for solid bilk cargoes
260 _bIMO/ Sterling Book House
_c2002
300 _a215
942 _cBK
999 _c3325
_d3325